MARC

LEADER 00000nam0a2200000 4500
001 333847
005 20231102004610.0
035 |a (RuTPU)RU\TPU\book\359863 
090 |a 333847 
100 |a 20170630d1980 k y0rusy50 ca 
101 0 |a rus 
102 |a LV 
105 |a a z 001zy 
200 1 |a Управление и диагностика  |h Вып. 12  |e межвузовский научно-технический сборник  |f Рижский политехнический институт ; под ред. П. Л. Савельева 
210 |a Рига  |c Изд-во Рижского политехнического ин-та  |d 1980 
215 |a 164 с.  |c ил. 
320 |a Библиография в конце статей 
606 1 |a Автоматическое управление  |2 stltpush  |3 (RuTPU)RU\TPU\subj\943  |9 29748 
610 1 |a технологические процессы 
610 1 |a математические модели 
610 1 |a управляемые системы 
610 1 |a идентификация 
610 1 |a диагностика 
610 1 |a линейные системы 
610 1 |a нелинейные системы 
610 1 |a моделирование 
610 1 |a алгоритмы 
610 1 |a информация 
610 1 |a микропроцессоры 
610 1 |a микроЭВМ 
610 1 |a статьи 
675 |a 681.51  |v 4 
702 1 |a Савельев  |b П. Л.  |4 340 
712 0 2 |a Рижский политехнический институт  |2 stltpush  |3 (RuTPU)RU\TPU\col\7561  |9 24345 
801 1 |a RU  |b 63413507  |c 20170630 
801 2 |a RU  |b 63413507  |c 20170703  |g RCR 
942 |c BK